Holiday Quiz

Random Holiday or Christmas Quiz
Score 0/107 Timer 04:00
2 Plays Today
% Correct
ᴄᴀʀᴏʟsc
95.3%
ᴄᴀʀᴏʟsa
95.3%
ᴄᴀʀᴏʟsr
95.3%
ᴄᴀʀᴏʟso
95.3%
ᴄᴀʀᴏʟsl
95.3%
ᴄᴀʀᴏʟss
95.3%
ᴍɪsᴛʟᴇᴛᴏᴇm
89.3%
ᴍɪsᴛʟᴇᴛᴏᴇi
89.3%
ᴍɪsᴛʟᴇᴛᴏᴇs
89.3%
ᴍɪsᴛʟᴇᴛᴏᴇt
89.3%
ᴍɪsᴛʟᴇᴛᴏᴇl
89.3%
ᴍɪsᴛʟᴇᴛᴏᴇe
89.3%
ᴍɪsᴛʟᴇᴛᴏᴇt
89.3%
ᴍɪsᴛʟᴇᴛᴏᴇo
89.3%
ᴍɪsᴛʟᴇᴛᴏᴇe
89.3%
sɴᴏᴡғʟᴀᴋᴇs
88.8%
sɴᴏᴡғʟᴀᴋᴇn
88.8%
sɴᴏᴡғʟᴀᴋᴇo
88.8%
sɴᴏᴡғʟᴀᴋᴇw
88.8%
sɴᴏᴡғʟᴀᴋᴇf
88.8%
sɴᴏᴡғʟᴀᴋᴇl
88.8%
sɴᴏᴡғʟᴀᴋᴇa
88.8%
sɴᴏᴡғʟᴀᴋᴇk
88.8%
sɴᴏᴡғʟᴀᴋᴇe
88.8%
ᴅᴇᴄᴏʀᴀᴛɪᴏɴsd
88.4%
ᴅᴇᴄᴏʀᴀᴛɪᴏɴse
88.4%
ᴅᴇᴄᴏʀᴀᴛɪᴏɴsc
88.4%
ᴅᴇᴄᴏʀᴀᴛɪᴏɴso
88.4%
ᴅᴇᴄᴏʀᴀᴛɪᴏɴsr
88.4%
ᴅᴇᴄᴏʀᴀᴛɪᴏɴsa
88.4%
ᴅᴇᴄᴏʀᴀᴛɪᴏɴst
88.4%
ᴅᴇᴄᴏʀᴀᴛɪᴏɴsi
88.4%
ᴅᴇᴄᴏʀᴀᴛɪᴏɴso
88.4%
ᴅᴇᴄᴏʀᴀᴛɪᴏɴsn
88.4%
ᴅᴇᴄᴏʀᴀᴛɪᴏɴss
88.4%
ᴘʀᴇsᴇɴᴛsp
85.7%
% Correct
ᴘʀᴇsᴇɴᴛsr
85.7%
ᴘʀᴇsᴇɴᴛse
85.7%
ᴘʀᴇsᴇɴᴛss
85.7%
ᴘʀᴇsᴇɴᴛse
85.7%
ᴘʀᴇsᴇɴᴛsn
85.7%
ᴘʀᴇsᴇɴᴛst
85.7%
ᴘʀᴇsᴇɴᴛss
85.7%
ᴛʀᴇᴇt
85.5%
ᴛʀᴇᴇr
85.5%
ᴛʀᴇᴇe
85.5%
ᴛʀᴇᴇe
85.5%
ᴄʜɪᴍɴᴇʏc
84.5%
ᴄʜɪᴍɴᴇʏh
84.5%
ᴄʜɪᴍɴᴇʏi
84.5%
ᴄʜɪᴍɴᴇʏm
84.5%
ᴄʜɪᴍɴᴇʏn
84.5%
ᴄʜɪᴍɴᴇʏe
84.5%
ᴄʜɪᴍɴᴇʏy
84.5%
ᴡɪsʜw
83.8%
ᴡɪsʜi
83.8%
ᴡɪsʜs
83.8%
ᴡɪsʜh
83.8%
sᴀɴᴛᴀs
83.6%
sᴀɴᴛᴀa
83.6%
sᴀɴᴛᴀn
83.6%
sᴀɴᴛᴀt
83.6%
sᴀɴᴛᴀa
83.6%
ɢɪɴɢᴇʀʙʀᴇᴀᴅg
83.1%
ɢɪɴɢᴇʀʙʀᴇᴀᴅi
83.1%
ɢɪɴɢᴇʀʙʀᴇᴀᴅn
83.1%
ɢɪɴɢᴇʀʙʀᴇᴀᴅg
83.1%
ɢɪɴɢᴇʀʙʀᴇᴀᴅe
83.1%
ɢɪɴɢᴇʀʙʀᴇᴀᴅr
83.1%
ɢɪɴɢᴇʀʙʀᴇᴀᴅb
83.1%
ɢɪɴɢᴇʀʙʀᴇᴀᴅr
83.1%
ɢɪɴɢᴇʀʙʀᴇᴀᴅe
83.1%
% Correct
ɢɪɴɢᴇʀʙʀᴇᴀᴅa
83.1%
ɢɪɴɢᴇʀʙʀᴇᴀᴅd
83.1%
ʜᴏʟɪᴅᴀʏh
81.7%
ʜᴏʟɪᴅᴀʏo
81.7%
ʜᴏʟɪᴅᴀʏl
81.7%
ʜᴏʟɪᴅᴀʏi
81.7%
ʜᴏʟɪᴅᴀʏd
81.7%
ʜᴏʟɪᴅᴀʏa
81.7%
ʜᴏʟɪᴅᴀʏy
81.7%
ʀᴇɪɴᴅᴇᴇʀr
81.6%
ʀᴇɪɴᴅᴇᴇʀe
81.6%
ʀᴇɪɴᴅᴇᴇʀi
81.6%
ʀᴇɪɴᴅᴇᴇʀn
81.6%
ʀᴇɪɴᴅᴇᴇʀd
81.6%
ʀᴇɪɴᴅᴇᴇʀe
81.6%
ʀᴇɪɴᴅᴇᴇʀe
81.6%
ʀᴇɪɴᴅᴇᴇʀr
81.6%
ᴄᴏᴏᴋɪᴇc
79.8%
ᴄᴏᴏᴋɪᴇo
79.8%
ᴄᴏᴏᴋɪᴇo
79.8%
ᴄᴏᴏᴋɪᴇk
79.8%
ᴄᴏᴏᴋɪᴇi
79.8%
ᴄᴏᴏᴋɪᴇe
79.8%
ᴀɴɢᴇʟa
76.2%
ᴀɴɢᴇʟn
76.2%
ᴀɴɢᴇʟg
76.2%
ᴀɴɢᴇʟe
76.2%
ᴀɴɢᴇʟl
76.2%
ᴇʟғe
70.8%
ᴇʟғl
70.8%
ᴇʟғf
70.8%
ᴡʀᴀᴘw
68.1%
ᴡʀᴀᴘr
68.1%
ᴡʀᴀᴘa
68.1%
ᴡʀᴀᴘp
68.1%
Remove Ads.
Support Sporcle.
Get the best of Sporcle when you Go Orange. This ad-free experience offers more features, more stats, and more fun while also helping to support Sporcle. Thank you for becoming a member.

You're not logged in!

Compare scores with friends on all Sporcle quizzes.
OR
Log In

Show Comments

Extras

Top Quizzes Today


Score Distribution

Your Account Isn't Verified!

In order to create a playlist on Sporcle, you need to verify the email address you used during registration. Go to your Sporcle Settings to finish the process.

Report this User

Report this user for behavior that violates our Community Guidelines.

Details: